Statistics for Similar Flags #2

Click here to take the quiz!

General Stats

  • This quiz has been taken 27,899 times
  • The average score is 17 of 21

Answer Stats

Answer% Correct
China
99%
Germany
99%
Japan
98%
Ireland
97%
Norway
96%
Belgium
94%
Iceland
91%
Vietnam
88%
Iraq
88%
Egypt
86%
Austria
84%
Georgia
84%
Syria
79%
Bangladesh
79%
Hungary
77%
Latvia
76%
Bulgaria
76%
Ivory Coast
76%
Yemen
63%
Palau
53%
Tonga
51%

Score Distribution

Percentile by Number Answered

Percent of People with Each Score

Your Score History

You have not taken this quiz